02234nam a2200265 i 4500001001300000003000900013005001700022008004100039020002900080040002800109041001800137082003000155100004900185240005000234245013400284260003100418300002000449490003700469504004300506520127100549546004501820630003801865700002901903830003601932000000139717IT-MiSPE20200905172841.0100928s2010 it b u000 u ita c a9788845264931c30.00 EUR aIT-MiSPEbitacIT-MiSPE1 aitaarushrus04a197-BER ni sc (axa 23275)1 aBerdjaev, Nikolaj Aleksandrovičd1874-194810aRabstve i svobode celoveka.lItaliano e russo10aSchiavit e̮ libert d̉ell'uomo /cNikolaj Aleksandrovič Berdjaev ; saggio introduttiva, traduzione e note di Enrico Macchetti. aMilano :bBompiani,c2010. a678 p. ;c22 cm1 aBompiani Il pensiero occidentale aBibliogr. di N.A. Berdjaev p. [47]-55. aPubblicato a Parigi per la prima volta nel 1939, "Schiavitù e libertà dell'uomo" è l'opera fondamentale che attesta l'interesse acquisito dall'autore nel corso degli anni '30 per la tematica della persona. In questo senso costituisce anche uno dei momenti più elevati dell'itinerario speculativo del filosofo Berdjaev, che dopo il suo trasferimento in Occidente prese parte attiva nel dibattito filosofico, soprattutto francese, entrando in contatto con gli ambienti della filosofia dell'esistenza e fondando insieme a E. Mounier la rivista "Esprit".bComposto secondo una struttura non nuova a Berdjaev, il testo sviluppa gli elementi di specificità teorica nella concezione filosofica della persona e della trascendenza cui essa inevitabilmente rimanda, passando quindi in rassegna - successivamente - le diverse possibilità di "oggettivazione", in cui la libertà della persona stessa può trovare fonti di seduzione e di asservimento. Si tratta di un testo che combina in maniera penetrante speculazione teorica e filosofia sociale (nei suoi attacchi al collettivismo socialista, al capitalismo, al nazionalismo) e che, pubblicato alla vigilia della tragedia della Seconda Guerra Mondiale, si presenta al lettore quasi come la voce di una profezia. aTesto russo con trad. italiana a fronte. aFilosofia.lrusxFilosofia russa.1 aMacchetti, Enricod1981- 0aPensiero occidentale (Bompiani)